000 01074nam a2200289Ia 4500
003 OSt
005 20221005111412.0
006 a|||||r|||| 00| 0
007 ta
008 221004b |||||||| |||| 00| 0 hin d
020 _a9789350724033 (hbk)
_c495
024 _a7170
037 _b90, 03/09/2013, Vani Prakashan
_cTextual
040 _aCRL
_cCRL
_bhin
041 _2hin
_ahin
082 _aO152,6N32x, Q3
100 _aजैन, निर्मला
245 0 _aसंचयिता निर्मला जैन
246 _aSanchayitā nirmalā jaina
260 _aनई दिल्ली
_bवाणी प्रकाशन भारत
_c2013
300 _a278पृ0
_ccm.
490 _aसंचयिता
650 _aहिन्दी साहित्य
700 _a राय, रामेश्वर, संपा.
942 _hO152,6N32x, Q3
_cTEXL
_2cc
999 _c1021737
_d1021737